| 000 | 00578nam a2200241Ia 4500 | ||
|---|---|---|---|
| 003 | OSt | ||
| 005 | 20220918191059.0 | ||
| 006 | a|||||r|||| 00| 0 | ||
| 007 | ta | ||
| 008 | 220917b |||||||| |||| 00| 0 eng d | ||
| 024 | _a61,345 | ||
| 037 | _cTextual | ||
| 040 |
_aARTS _cARTS _beng |
||
| 041 |
_2eng _aeng |
||
| 082 | _aQ:1, H9 | ||
| 100 |
_aChase R _974852 |
||
| 245 | 0 | _aQuest for myth | |
| 260 |
_aN York _bGreenwood _c1949 |
||
| 300 |
_axi, 150p. _ccm. |
||
| 650 | _aRELIGION | ||
| 942 |
_hQ:1, H9 _cTEXL _2CC |
||
| 999 |
_c188205 _d188205 |
||